[Event "ICS rated blitz match"]
[Site "204.178.125.65"]
[Date "2001.08.18"]
[Round "?"]
[White "Hossa"]
[Black "nyul"]
[Result "1-0"]
[WhiteElo "2451"]
[BlackElo "2047"]
[PlyCount "58"]
[EventDate "2001.??.??"]

1. Nf3 d5 2. c4 e6 3. d4 Nf6 4. Nc3 c6 5. Qb3 dxc4 6. Qxc4 Nbd7 7. Bg5 Be7 8.
e4 O-O 9. O-O-O h6 10. Be3 Ng4 11. h3 Nxe3 12. fxe3 Qa5 13. Kb1 Nb6 14. Qd3 Na4
15. Be2 Nxc3+ 16. bxc3 b5 17. Rhe1 Rb8 18. Ne5 Rb6 19. Rf1 b4 20. Nc4 bxc3+ 21.
Ka1 Qa4 22. Nxb6 axb6 23. Qxc3 Bb7 24. Qc4 Qa7 25. Kb1 Ra8 26. Bh5 Ba6 27.
Bxf7+ Kh8 28. Qxe6 Bd3+ 29. Rxd3 Qxa2+ {nyul resigns} 1-0

[Event "ICS rated blitz match"]
[Site "204.178.125.65"]
[Date "2001.08.18"]
[Round "?"]
[White "nyul"]
[Black "Hossa"]
[Result "0-1"]
[WhiteElo "2044"]
[BlackElo "2454"]
[PlyCount "48"]
[EventDate "2001.??.??"]

1. e4 c5 2. c4 g6 3. d3 Bg7 4. Nc3 d6 5. Nf3 Bg4 6. h3 Be6 7. Be2 Nc6 8. Be3
Nf6 9. Qd2 O-O 10. Bh6 Bxh6 11. Qxh6 Nd4 12. Bd1 Qb6 13. Rb1 Qa5 14. Ng5 b5 15.
O-O bxc4 16. Nxe6 fxe6 17. dxc4 Qb4 18. Ne2 Nxe4 19. Nxd4 cxd4 20. a3 Qd2 21.
Qh4 Nxf2 22. Rxf2 Qe1+ 23. Kh2 Rxf2 24. Qxe7 Rf1 {nyul resigns} 0-1

[Event "ICS rated blitz match"]
[Site "204.178.125.65"]
[Date "2001.08.18"]
[Round "?"]
[White "Hossa"]
[Black "nyul"]
[Result "1-0"]
[WhiteElo "2457"]
[BlackElo "2041"]
[PlyCount "45"]
[EventDate "2001.??.??"]

1. d4 d5 2. Nf3 Nf6 3. c4 e6 4. Nc3 c6 5. Bg5 Nbd7 6. e3 Be7 7. Qc2 O-O 8. Bd3
dxc4 9. Bxc4 Nd5 10. Bxe7 Qxe7 11. O-O Nxc3 12. bxc3 e5 13. Qe4 Nb6 14. Qxe5
Qxe5 15. Nxe5 Nxc4 16. Nxc4 Be6 17. Na5 Rab8 18. Rfb1 Bf5 19. Rxb7 Rxb7 20.
Nxb7 Rb8 21. Na5 Rb2 22. Nxc6 Kf8 23. c4 {nyul resigns} 1-0

[Event "ICS rated blitz match"]
[Site "204.178.125.65"]
[Date "2001.08.18"]
[Round "?"]
[White "nyul"]
[Black "Hossa"]
[Result "0-1"]
[WhiteElo "2038"]
[BlackElo "2460"]
[PlyCount "36"]
[EventDate "2001.??.??"]

1. e4 c5 2. c4 Nc6 3. d3 g6 4. Nc3 Bg7 5. Nf3 d6 6. h3 f5 7. Be2 Nf6 8. Be3 O-O
9. Qd2 e5 10. Bh6 fxe4 11. dxe4 Bxh6 12. Qxh6 Nd4 13. Bd1 Be6 14. b3 Qa5 15.
Qd2 Bd7 16. O-O b5 17. cxb5 Bxb5 18. Nxb5 Nxf3+ {nyul resigns} 0-1

[Event "ICS rated blitz match"]
[Site "204.178.125.65"]
[Date "2001.08.18"]
[Round "?"]
[White "Apex-Predator"]
[Black "Hossa"]
[Result "1/2-1/2"]
[WhiteElo "2048"]
[BlackElo "2463"]
[PlyCount "54"]
[EventDate "2001.??.??"]

1. d4 d5 2. c4 dxc4 3. Nf3 Nf6 4. e3 Bg4 5. Bxc4 e6 6. Nc3 Nc6 7. h3 Bxf3 8.
Qxf3 Bb4 9. Bb5 Qd5 10. Bxc6+ bxc6 11. Bd2 Qxf3 12. gxf3 Kd7 13. Ke2 Bxc3 14.
Bxc3 Nd5 15. Rac1 Nxc3+ 16. Rxc3 Rab8 17. b3 Kd6 18. Rg1 g6 19. Rgc1 Rb6 20.
Rc5 Ra6 21. R1c2 Re8 22. f4 f5 23. Kd3 Rb6 24. Ra5 a6 25. Rac5 Rf8 26. Ra5 Re8
27. Rac5 Rf8 {Game drawn by mutual agreement} 1/2-1/2

[Event "ICS rated blitz match"]
[Site "204.178.125.65"]
[Date "2001.08.18"]
[Round "?"]
[White "Apex-Predator"]
[Black "Hossa"]
[Result "0-1"]
[WhiteElo "2058"]
[BlackElo "2453"]
[PlyCount "132"]
[EventDate "2001.??.??"]

1. d4 d5 2. c4 dxc4 3. Nf3 Nf6 4. e3 Bg4 5. Bxc4 e6 6. Nc3 Nc6 7. O-O Bb4 8.
Bb5 O-O 9. Bxc6 bxc6 10. h3 Bxf3 11. Qxf3 c5 12. a3 cxd4 13. axb4 dxc3 14. bxc3
Qd3 15. Bb2 Qc4 16. Rfd1 e5 17. Qb7 a6 18. Rac1 a5 19. b5 Rfb8 20. Qc6 Qxc6 21.
bxc6 Rxb2 22. f3 Rb6 23. Ra1 g6 24. Ra3 Rxc6 25. Rda1 Rca6 26. Kf2 Kf8 27. Ra4
Ke7 28. e4 R8a7 29. c4 Kd6 30. Ke3 c5 31. Kd3 Ra8 32. Kc3 Ke6 33. Rd1 R8a7 34.
Rd8 Rc7 35. Rh8 g5 36. Rb8 Kd6 37. Rb5 Rca7 38. Rb8 Kc6 39. Rc8+ Rc7 40. Rb8 h5
41. Rd8 g4 42. hxg4 hxg4 43. Rd1 Rb7 44. Rd8 g3 45. Rd2 Rc7 46. Rd1 Rc8 47. Rd2
Re8 48. Rd1 Rb8 49. Rd2 Nd7 50. Rd1 Rb4 51. Rda1 Nb6 52. Rxb4 axb4+ 53. Kb2
Nxc4+ 54. Kb1 Rxa1+ 55. Kxa1 Ne3 56. Kb2 Nxg2 57. Kc2 b3+ 58. Kxb3 Nf4 59. Kc2
g2 60. Kd2 g1=Q 61. Kc2 Qf2+ 62. Kb3 Qxf3+ 63. Kb2 Qe2+ 64. Kc3 Nd3 65. Kb3
Qb2+ 66. Kc4 Qc2# {Apex-Predator checkmated} 0-1

[Event "ICS rated blitz match"]
[Site "204.178.125.65"]
[Date "2001.08.18"]
[Round "?"]
[White "Hossa"]
[Black "Apex-Predator"]
[Result "1-0"]
[WhiteElo "2456"]
[BlackElo "2055"]
[PlyCount "115"]
[EventDate "2001.??.??"]

1. c4 Nf6 2. Nc3 c5 3. g3 d5 4. cxd5 Nxd5 5. Bg2 Nc7 6. Qa4+ Bd7 7. Qa3 Nc6 8.
Qxc5 e6 9. Qc4 Be7 10. d4 Rc8 11. Be3 Na5 12. Qd3 Nd5 13. Bxd5 exd5 14. Nxd5
Nc4 15. Nxe7 Qxe7 16. b3 Nxe3 17. Qxe3 Qxe3 18. fxe3 O-O 19. Nf3 Rfe8 20. Kd2
f6 21. Rhc1 Rcd8 22. Rc7 Bc6 23. b4 a6 24. a4 Rb8 25. Ra3 g5 26. h3 h5 27. h4
g4 28. Ne1 Re4 29. Nd3 Re6 30. Nf4 Re4 31. Nxh5 Rf8 32. Rg7+ Kh8 33. Rg6 Re6
34. Nf4 Ree8 35. Rxg4 Be4 36. Ng6+ Bxg6 37. Rxg6 Rc8 38. Rc3 Rxc3 39. Kxc3 Kh7
40. Rg4 b5 41. axb5 axb5 42. Kd3 Rc8 43. Ke4 Ra8 44. d5 Rf8 45. Kf5 Rf7 46. d6
Rd7 47. Ke6 Rd8 48. d7 f5 49. Rg5 f4 50. exf4 Rf8 51. Ke7 Rh8 52. Rh5+ Kg7 53.
Rxh8 Kxh8 54. d8=Q+ Kg7 55. Qf8+ Kh7 56. g4 Kg6 57. Qf7+ Kh6 58. g5# {
Apex-Predator checkmated} 1-0

[Event "ICS rated blitz match"]
[Site "204.178.125.65"]
[Date "2001.08.19"]
[Round "?"]
[White "Hossa"]
[Black "Tinker"]
[Result "1-0"]
[WhiteElo "2460"]
[BlackElo "2391"]
[PlyCount "151"]
[EventDate "2001.??.??"]

1. d4 Nf6 2. c4 e6 3. Nc3 Bb4 4. Bd2 Qe7 5. a3 Bxc3 6. bxc3 Ne4 7. e3 Qh4 8. g3
Qf6 9. f4 d5 10. Bd3 Nxd2 11. Qxd2 O-O 12. Nf3 dxc4 13. Bxc4 Qg6 14. Ne5 Qh5
15. O-O Nd7 16. Be2 Qh6 17. Nxd7 Bxd7 18. Bf3 Rab8 19. Rab1 c6 20. c4 Kh8 21.
Qa5 b5 22. Qxa7 Rbd8 23. cxb5 cxb5 24. Be2 Bc6 25. Qa6 Be4 26. Rxb5 Ra8 27. Qd6
Qh3 28. Rf2 Rfc8 29. Bf1 Qh6 30. Rfb2 Qg6 31. Rb8 h6 32. Rxa8 Rxa8 33. Be2 Kh7
34. Qc5 Bd5 35. Qc3 Kg8 36. Bd3 Be4 37. Bxe4 Qxe4 38. Rb5 Kh7 39. Qb3 g6 40.
Qc3 Qf3 41. Rb2 Ra7 42. Rf2 Qa8 43. Ra2 Qe4 44. Ra1 Rb7 45. Kf2 f6 46. a4 Ra7
47. Qc5 Rb7 48. Qc1 Kg7 49. Ra2 Qd5 50. Re2 Ra7 51. Rc2 Qd7 52. Rc6 e5 53. dxe5
fxe5 54. Qc3 Kh7 55. fxe5 Qf5+ 56. Ke1 Qb1+ 57. Ke2 Qa2+ 58. Kf3 Qxa4 59. Rc7+
Kg8 60. Rxa7 Qxa7 61. Qc6 Qf7+ 62. Ke4 Kg7 63. g4 Qe7 64. h3 Kf7 65. Qc4+ Qe6
66. Qd4 Ke8 67. Qa4+ Kd8 68. Qa7 Ke8 69. Qc7 h5 70. gxh5 gxh5 71. Qb8+ Ke7 72.
Qd6+ Kf7 73. Qxe6+ Kxe6 74. h4 Ke7 75. e6 Kxe6 76. Kf4 {Tinker resigns} 1-0

[Event "ICS rated blitz match"]
[Site "204.178.125.65"]
[Date "2001.08.19"]
[Round "?"]
[White "Tinker"]
[Black "Hossa"]
[Result "1-0"]
[WhiteElo "2378"]
[BlackElo "2473"]
[PlyCount "197"]
[EventDate "2001.??.??"]

1. e4 c5 2. Nf3 e6 3. d4 cxd4 4. Nxd4 a6 5. Bd3 Nf6 6. O-O d6 7. c4 g6 8. Nc3
Bg7 9. Be3 O-O 10. Be2 e5 11. Nc2 Be6 12. Bg5 Qb6 13. Qd2 Rc8 14. Na3 Nbd7 15.
Bd3 Nc5 16. Bb1 Qb4 17. Rd1 Ncd7 18. Bd3 Rd8 19. Rdb1 Qc5 20. Nd5 Re8 21. Be3
Qc6 22. Bh6 Bxh6 23. Qxh6 Qc5 24. Rd1 Rac8 25. Qh4 Bxd5 26. cxd5 Qb4 27. Rab1
Nxd5 28. Nc2 Qa4 29. b3 Qxa2 30. exd5 Rxc2 31. Bxc2 Qxc2 32. Qa4 Qc8 33. Rbc1
Nc5 34. Qh4 Qf5 35. Rc3 e4 36. Re3 Qe5 37. b4 Nd7 38. f3 f5 39. fxe4 fxe4 40.
Rh3 Nf6 41. Rf1 Rf8 42. Re3 Qd4 43. Qf2 Qxd5 44. Rc3 Nd7 45. Qe3 Rxf1+ 46. Kxf1
Ne5 47. Rc8+ Kf7 48. Rc7+ Kf6 49. Qf2+ Ke6 50. Qe2 h5 51. Rh7 Qc6 52. Qd2 Qb5+
53. Kg1 Qb6+ 54. Kf1 e3 55. Qe2 Qxb4 56. Qxe3 Kd5 57. Rc7 b6 58. Rc1 Qa4 59.
Qd2+ Ke6 60. Kg1 Qb5 61. Qf4 Qd3 62. Qf2 Qa3 63. Rb1 b5 64. Qf8 Qc5+ 65. Kh1
Qb6 66. Qc8+ Ke7 67. Rc1 Qe3 68. Ra1 b4 69. Qb7+ Ke6 70. Qxb4 Qe2 71. Qb8 Kd5
72. h3 Kc6 73. Qa7 Kd5 74. Rxa6 Qf1+ 75. Kh2 Qf4+ 76. Kg1 Qc1+ 77. Kh2 Qf4+ 78.
Kh1 Qf1+ 79. Kh2 Qf4+ 80. g3 Nf3+ 81. Kg2 Ne1+ 82. Kg1 Qxg3+ 83. Kf1 Ke6 84.
Qa8 Nd3 85. Qe8+ Kf5 86. Qf8+ Ke4 87. Ra4+ Ke3 88. Qe8+ Kd2 89. Ra2+ Kc3 90.
Qc8+ Kb4 91. Qb7+ Kc4 92. Qe4+ Kb5 93. Qd5+ Kb6 94. Qb3+ Kc5 95. Ra5+ Kd4 96.
Rd5+ Ke3 97. Qxd3+ Kf4 98. Qc4+ Kf3 99. Rd3# {Hossa checkmated} 1-0

[Event "ICS rated blitz match"]
[Site "204.178.125.65"]
[Date "2001.08.19"]
[Round "?"]
[White "Hossa"]
[Black "Tinker"]
[Result "0-1"]
[WhiteElo "2453"]
[BlackElo "2398"]
[PlyCount "129"]
[EventDate "2001.??.??"]

1. d4 Nf6 2. c4 e6 3. Nc3 Bb4 4. g3 c5 5. dxc5 Bxc3+ 6. bxc3 Qa5 7. Bb2 Qxc5 8.
Qd4 d6 9. Bg2 Nbd7 10. Qxc5 Nxc5 11. Ba3 O-O 12. Rd1 Na4 13. Rxd6 Re8 14. Rd3
e5 15. Kd2 Nb6 16. Ke1 Nxc4 17. Bb4 a5 18. Bc5 Bf5 19. Rd1 Rac8 20. g4 Bxg4 21.
Bd6 b6 22. f4 Ne3 23. fxe5 Nxd1 24. Kxd1 Red8 25. Kc2 Ne8 26. Ba3 Bd7 27. Nf3
Ba4+ 28. Kb2 Rc4 29. Nd4 b5 30. Be7 Rd7 31. Nf5 Rf4 32. Ne3 Rxe7 33. Nd5 Rf2
34. Nxe7+ Kf8 35. Ng6+ hxg6 36. Bf3 b4 37. cxb4 axb4 38. Kc1 Bb5 39. Kd2 Bc4
40. Ke3 Rxf3+ 41. exf3 Bxa2 42. Rd1 Nc7 43. Rd7 b3 44. Rd8+ Ke7 45. Rb8 Ne6 46.
Rb7+ Kd8 47. Rb4 Kc7 48. f4 Nd8 49. Rb5 Nc6 50. h3 Nd8 51. Rb4 Nc6 52. Rb5 g5
53. fxg5 Nxe5 54. Ke2 Kc6 55. Rb4 Kc5 56. Rb7 Kc4 57. Kd2 Kd4 58. h4 Nc4+ 59.
Ke1 b2 60. Rxb2 Nxb2 61. h5 Bb1 62. h6 gxh6 63. gxh6 Bg6 64. Kf2 Ke4 65. Kg3 {
Hossa resigns} 0-1

[Event "ICS rated blitz match"]
[Site "204.178.125.65"]
[Date "2001.08.19"]
[Round "?"]
[White "peaceonearth"]
[Black "Hossa"]
[Result "0-1"]
[WhiteElo "2155"]
[BlackElo "2434"]
[PlyCount "58"]
[EventDate "2001.??.??"]

1. e4 c5 2. Nf3 d6 3. d4 cxd4 4. Nxd4 e5 5. Nb3 Nf6 6. Nc3 Be7 7. Bg5 O-O 8.
Be2 Nc6 9. O-O Nxe4 10. Nxe4 Bxg5 11. Nxd6 Qe7 12. c3 Rd8 13. Nxc8 Raxc8 14.
Qb1 Bf4 15. g3 Bh6 16. Bg4 Ra8 17. Rd1 g6 18. Bf3 Rxd1+ 19. Qxd1 e4 20. Be2 e3
21. Qc2 exf2+ 22. Kxf2 Re8 23. Bf3 Ne5 24. Nd4 Qd7 25. Kg2 Be3 26. Rd1 Bxd4 27.
Rxd4 Nxf3 28. Kxf3 Qc6+ 29. Kf2 Qh1 {peaceonearth resigns} 0-1

[Event "ICS rated standard match"]
[Site "204.178.125.65"]
[Date "2001.08.19"]
[Round "?"]
[White "Hossa"]
[Black "ChesterX"]
[Result "0-1"]
[WhiteElo "2293"]
[BlackElo "2451"]
[PlyCount "119"]
[EventDate "2001.??.??"]

1. e4 c5 2. Nc3 Nc6 3. g3 g6 4. Bg2 d6 5. d3 Bg7 6. Be3 e6 7. Qd2 Rb8 8. Nge2
Nge7 9. O-O O-O 10. Bh6 Bxh6 11. Qxh6 d5 12. a3 d4 13. Na4 Qd6 14. f4 b5 15. e5
Nxe5 16. fxe5 Qxe5 17. Nxc5 Qxc5 18. b4 Qe5 19. Rf2 Nf5 20. Qg5 Bb7 21. Bxb7
Rxb7 22. Re1 Qe3 23. Qxe3 dxe3 24. Rf3 e5 25. Rc1 h5 26. Nc3 Rd8 27. Ne4 Kg7
28. Nc5 Rb6 29. c3 Rbd6 30. Rff1 Rxd3 31. Nxd3 Rxd3 32. Rfe1 e4 33. Re2 Nd6 34.
Ra2 Rd2 35. Raa1 Nc4 36. Re1 a6 37. a4 Rd3 38. axb5 axb5 39. Rac1 g5 40. Re2 f5
41. Rf1 Kf6 42. Ra2 Nd2 43. Rfa1 f4 44. gxf4 gxf4 45. Rc1 Kf5 46. Kh1 e2 47. h4
Kg4 48. Kg2 Rxc3 49. Rca1 f3+ 50. Kf2 e3+ 51. Ke1 f2+ 52. Kxe2 Ne4 53. Rf1 Ng3+
54. Kd1 Nxf1 55. Rxf2 exf2 56. Ke2 Rf3 57. Kd1 Ng3 58. Kc2 f1=Q 59. Kb2 Qe2+
60. Kb1 {Hossa resigns} 0-1

[Event "ICS Rated standard match"]
[Site "204.178.125.65"]
[Date "2001.08.19"]
[Round "?"]
[White "petereks"]
[Black "Hossa"]
[Result "1-0"]
[WhiteElo "2434"]
[BlackElo "2284"]
[PlyCount "130"]
[EventDate "2001.??.??"]

1. d4 d5 2. c3 f5 3. Nf3 Nf6 4. Bf4 e6 5. e3 Nc6 6. Nbd2 Bd7 7. Qb3 Rb8 8. Bd3
Bd6 9. O-O O-O 10. Rfd1 Ne4 11. Bxd6 cxd6 12. c4 dxc4 13. Nxc4 Be8 14. Ncd2 d5
15. Rdc1 Qf6 16. Rc2 Qe7 17. a3 Bh5 18. Rac1 Nxd2 19. Nxd2 f4 20. Rc5 Qf6 21.
Kh1 fxe3 22. fxe3 Qf2 23. R5c2 Qh4 24. Nf1 Bf7 25. Ng3 e5 26. Nf5 Qg5 27. dxe5
g6 28. h4 Qd8 29. Nh6+ Kh8 30. Nxf7+ Rxf7 31. e6 Rf8 32. Kg1 Qd6 33. Qc3+ Ne5
34. Qd4 Qxe6 35. Rc7 Qd6 36. h5 Qf6 37. Rf1 Qd6 38. Rxf8+ Rxf8 39. Rxb7 Qf6 40.
Be2 a5 41. Rb5 Nc6 42. Qxf6+ Rxf6 43. Bf3 Rd6 44. h6 Ne7 45. Rxa5 Rd8 46. b4
Kg8 47. b5 Kf7 48. Ra7 Kf6 49. a4 Rb8 50. g4 Ke6 51. g5 Nf5 52. Rxh7 Ke5 53. a5
Rxb5 54. Rh8 Rb1+ 55. Kh2 Rb4 56. a6 Nxe3 57. a7 Rh4+ 58. Kg1 Kf4 59. Be2 Rh3
60. Rf8+ Kxg5 61. a8=Q Nf5 62. Qd8+ Kf4 63. Qd6+ Kg5 64. Qf6+ Kf4 65. Qd4+ Kg5
{Hossa resigns} 1-0

[Event "ICS rated blitz match"]
[Site "204.178.125.65"]
[Date "2001.08.19"]
[Round "?"]
[White "Hossa"]
[Black "Bounga-Iosif"]
[Result "1-0"]
[WhiteElo "2439"]
[BlackElo "2262"]
[PlyCount "83"]
[EventDate "2001.??.??"]

1. c4 d6 2. Nc3 g6 3. e4 Bg7 4. d4 Nf6 5. Bd3 O-O 6. Nge2 Nc6 7. O-O e5 8. d5
Ne7 9. f4 Nd7 10. Ng3 Nc5 11. fxe5 dxe5 12. Be2 f5 13. Be3 Nd7 14. exf5 gxf5
15. Nh5 Nf6 16. Nxg7 Kxg7 17. g3 Kh8 18. Qd2 Ng6 19. Bc5 Rg8 20. Qh6 b6 21. Bb4
a5 22. Ba3 f4 23. Bf3 Bg4 24. Bg2 c5 25. dxc6 Qd4+ 26. Kh1 Qxc4 27. gxf4 exf4
28. Be7 Qf7 29. Bd6 Rae8 30. Bxf4 Be6 31. Bg5 Ng4 32. Rxf7 Nxh6 33. Bf6+ Rg7
34. Rxg7 Rf8 35. Rxg6+ Rxf6 36. Rxf6 Kg7 37. Rxe6 Nf5 38. c7 Nd6 39. Rxd6 b5
40. c8=Q a4 41. Qc7+ Kg8 42. Rd8# {Bounga-Iosif checkmated} 1-0

[Event "ICS rated blitz match"]
[Site "204.178.125.65"]
[Date "2001.08.19"]
[Round "?"]
[White "Bounga-Iosif"]
[Black "Hossa"]
[Result "0-1"]
[WhiteElo "2254"]
[BlackElo "2447"]
[PlyCount "72"]
[EventDate "2001.??.??"]

1. d4 d5 2. Nc3 e6 3. e4 Nf6 4. Bg5 dxe4 5. Nxe4 Be7 6. Bxf6 Bxf6 7. Nf3 O-O 8.
c3 Be7 9. Bd3 b6 10. h4 Bb7 11. Qe2 Bd5 12. a3 a6 13. O-O-O b5 14. Rh3 Nd7 15.
h5 Rb8 16. Rg3 a5 17. Ne5 Nxe5 18. dxe5 Bh4 19. Rf3 b4 20. cxb4 axb4 21. a4
Bg5+ 22. Kb1 b3 23. h6 g6 24. Rg3 Bh4 25. Rg4 Be7 26. Nc3 Qc8 27. f4 Rd8 28.
Rf1 Bf8 29. f5 exf5 30. Bxf5 Qb7 31. Nxd5 Qxd5 32. e6 Re8 33. exf7+ Qxf7 34.
Qf3 Bxh6 35. Qh3 Qxf5+ 36. Rxf5 Re1# {Bounga-Iosif checkmated} 0-1

[Event "ICS rated blitz match"]
[Site "204.178.125.65"]
[Date "2001.08.19"]
[Round "?"]
[White "Master-Lopes"]
[Black "Hossa"]
[Result "0-1"]
[WhiteElo "2030"]
[BlackElo "2455"]
[PlyCount "94"]
[EventDate "2001.??.??"]

1. e3 Nf6 2. d4 g6 3. c4 Bg7 4. Nc3 d5 5. Nf3 O-O 6. Be2 dxc4 7. Bxc4 a6 8. O-O
b5 9. Bb3 b4 10. Na4 a5 11. Bd2 Ne4 12. Be1 Ba6 13. Rc1 Bxf1 14. Kxf1 Ra7 15.
Nc5 Nxc5 16. Rxc5 Nd7 17. Rc6 e5 18. Qc1 exd4 19. exd4 Nb6 20. Bd2 a4 21. Bd1
Bxd4 22. Nxd4 Qxd4 23. Be3 Qh4 24. Bf3 Qxh2 25. g3 a3 26. b3 Qh3+ 27. Bg2 Qg4
28. Kg1 Rd8 29. Rxc7 Rd1+ 30. Kh2 Qh5+ 31. Bh3 Rxc1 32. Rxc1 Rb7 33. Rc6 Nd5
34. Rc8+ Kg7 35. Bd4+ f6 36. Rc5 Re7 37. Rc1 Qe2 38. Be3 Rxe3 39. Rf1 Qxa2 40.
Kg2 Rxb3 41. Kh2 Ne3 42. Rg1 Qxf2+ 43. Rg2 Nf1+ 44. Kh1 Nxg3+ 45. Kh2 Nf1+ 46.
Kh1 Rxh3+ 47. Rh2 Rxh2# {Master-Lopes checkmated} 0-1

[Event "ICS rated blitz match"]
[Site "204.178.125.65"]
[Date "2001.08.19"]
[Round "?"]
[White "Hossa"]
[Black "Master-Lopes"]
[Result "1-0"]
[WhiteElo "2458"]
[BlackElo "2027"]
[PlyCount "105"]
[EventDate "2001.??.??"]

1. Nf3 Nf6 2. g3 g6 3. c4 Bg7 4. d4 d6 5. Bg2 O-O 6. O-O Bg4 7. Ne1 a5 8. Bxb7
Ra7 9. Bg2 Nbd7 10. f3 Bh5 11. g4 Nxg4 12. fxg4 Bxg4 13. h3 Bh5 14. Bf3 Nf6 15.
Bc6 Qc8 16. Qd3 e5 17. d5 e4 18. Qd4 Ra6 19. Qe3 Rb6 20. Nc3 Kh8 21. Rb1 Rxc6
22. dxc6 Re8 23. Nc2 Qe6 24. b3 Ng8 25. Nd5 Rc8 26. Bd2 f5 27. Bxa5 Bh6 28.
Bc3+ Bg7 29. Bxg7+ Kxg7 30. Nf4 Qf6 31. Nxh5+ gxh5 32. Rf2 Ne7 33. Rbf1 Kf7 34.
Qxe4 Rg8+ 35. Kh2 Rg5 36. Nd4 Qe5+ 37. Qxe5 dxe5 38. Nxf5 Nxf5 39. Rxf5+ Rxf5
40. Rxf5+ Ke6 41. Rxh5 Kd6 42. Rh6+ Kc5 43. e3 Kb4 44. Rxh7 Kc3 45. Rxc7 Kd3
46. Rd7+ Kxe3 47. b4 e4 48. Kg3 Ke2 49. a4 e3 50. c7 Ke1 51. c8=Q e2 52. Qc5
Kf1 53. Qf2# {Master-Lopes checkmated} 1-0

[Event "ICS rated blitz match"]
[Site "204.178.125.65"]
[Date "2001.08.19"]
[Round "?"]
[White "Hossa"]
[Black "MrPeabody"]
[Result "1/2-1/2"]
[WhiteElo "2460"]
[BlackElo "2789"]
[PlyCount "191"]
[EventDate "2001.??.??"]

1. e4 c6 2. d4 d5 3. e5 c5 4. dxc5 Nc6 5. Nf3 e6 6. Be3 Bd7 7. Nc3 Nh6 8. Nb5
Ng4 9. Nd6+ Bxd6 10. cxd6 Nxe3 11. fxe3 f6 12. c4 fxe5 13. cxd5 Qa5+ 14. Qd2
Qxd2+ 15. Kxd2 exd5 16. b4 e4 17. Ng5 O-O 18. b5 Nd8 19. Be2 Rf2 20. Nh3 Rf6
21. Rhf1 Rxd6 22. Nf2 Rg6 23. g3 Rh6 24. h4 Rg6 25. g4 Rb6 26. a4 a6 27. a5 Rh6
28. bxa6 bxa6 29. h5 Nc6 30. g5 Rd6 31. Kc3 Nd8 32. Kd4 Nf7 33. Rg1 Rf8 34. Nd1
Nd8 35. Kc5 Nb7+ 36. Kd4 Rc6 37. Nc3 Nc5 38. Ra3 Ne6+ 39. Kxd5 Rf5+ 40. Kxe4
Nxg5+ 41. Kd3 Re5 42. e4 Bc8 43. Kd4 Rce6 44. h6 Re8 45. hxg7 Kxg7 46. Bh5 R8e7
47. Bf3 Kh8 48. Bg2 Re8 49. Nd5 R5e6 50. Re3 Rg6 51. Nf4 Rc6 52. Rg3 Rd8+ 53.
Nd5 Ne6+ 54. Ke5 Nf8 55. Bf3 Ng6+ 56. Kd4 Bb7 57. Rb1 Rc7 58. Rb6 Ne7 59. Rg5
Rcd7 60. Ke3 Nc8 61. Rh6 Nd6 62. Nf6 Rf7 63. Be2 Rxf6 64. Rxf6 Nxe4 65. Bxa6
Ba8 66. Rff5 Nxg5 67. Rxg5 Re8+ 68. Kd4 Rd8+ 69. Kc3 h6 70. Rg6 Kh7 71. Rg1 Be4
72. Bb5 Rd5 73. Kc4 Rd8 74. Rg3 h5 75. a6 h4 76. Rg4 Bd3+ 77. Kb4 Rb8 78. Rg5
Kh6 79. Rd5 Bxb5 80. Rxb5 Rg8 81. Re5 Rg7 82. Rd5 Rf7 83. Kb5 h3 84. Rd3 Rf5+
85. Kb6 h2 86. Rd1 Rf6+ 87. Ka5 Rf5+ 88. Kb4 Rf2 89. Rh1 Kg5 90. Rxh2 Rxh2 91.
Kb5 Rb2+ 92. Kc6 Ra2 93. Kb7 Kg4 94. a7 Kf4 95. a8=Q Rxa8 96. Kxa8 {
Game drawn because neither player has mating material} 1/2-1/2

[Event "ICS rated blitz match"]
[Site "204.178.125.65"]
[Date "2001.08.19"]
[Round "?"]
[White "postalex"]
[Black "Hossa"]
[Result "0-1"]
[WhiteElo "2085"]
[BlackElo "2472"]
[PlyCount "106"]
[EventDate "2001.??.??"]

1. e4 c5 2. Nf3 d6 3. d4 cxd4 4. Nxd4 e5 5. Nb3 Nf6 6. Bg5 Be7 7. Bxf6 Bxf6 8.
Nc3 O-O 9. Bc4 Be6 10. Bd5 Nc6 11. Qd2 Bg4 12. f3 Bh4+ 13. Ke2 Bg5 14. Qd1 Be6
15. Kf2 Qb6+ 16. Kf1 Nd4 17. h4 Be3 18. Qd3 Bf4 19. Rd1 Rac8 20. Nxd4 exd4 21.
Ne2 Bxd5 22. exd5 Be3 23. b3 Qc5 24. Nxd4 Bxd4 25. Qxd4 Qxd4 26. Rxd4 Rxc2 27.
Kg1 Re8 28. Re4 Rxe4 29. fxe4 Rxa2 30. Kh2 Re2 31. Rc1 g6 32. Rc4 b5 33. Rd4 a5
34. Kg3 Re3+ 35. Kf2 Rxb3 36. e5 Kf8 37. exd6 Ke8 38. Re4+ Kd7 39. Re7+ Kxd6
40. Rxf7 Kxd5 41. Rxh7 Ke4 42. Rg7 Kf5 43. Ke2 a4 44. Kd2 b4 45. Kc2 Rg3 46.
Rf7+ Ke5 47. Rf2 a3 48. Kb1 b3 49. h5 gxh5 50. Ka1 Rc3 51. Re2+ Kd4 52. Rd2+
Rd3 53. Rf2 Rd1# {postalex checkmated} 0-1

[Event "ICS rated blitz match"]
[Site "204.178.125.65"]
[Date "2001.08.19"]
[Round "?"]
[White "Hossa"]
[Black "postalex"]
[Result "1-0"]
[WhiteElo "2475"]
[BlackElo "2082"]
[PlyCount "89"]
[EventDate "2001.??.??"]

1. d4 d5 2. Nf3 c5 3. dxc5 e6 4. b4 a5 5. c3 axb4 6. cxb4 b6 7. Qd4 bxc5 8.
bxc5 Qa5+ 9. Bd2 Qxc5 10. e3 Nc6 11. Qxc5 Bxc5 12. Bb5 Bd7 13. O-O Nge7 14. Nc3
O-O 15. Na4 Ba7 16. Rfc1 Rfc8 17. Nc5 Be8 18. a4 Na5 19. Nxe6 fxe6 20. Rxc8
Rxc8 21. Bxa5 Nc6 22. Rc1 Rb8 23. Bxc6 Rc8 24. Bxe8 Rxc1+ 25. Be1 Bb6 26. Kf1
Kf8 27. Bb5 Ke7 28. Bd3 Ba5 29. Bxh7 e5 30. Ke2 Bc7 31. Bg8 e4 32. Nd4 Ra1 33.
Nf5+ Kd8 34. Bxd5 Rxa4 35. Nxg7 Bxh2 36. g3 Ke7 37. Nf5+ Kf6 38. Nd6 Kg5 39.
Nxe4+ Kg4 40. Be6+ Kh5 41. Bf7+ Kg4 42. f3+ Kh3 43. Kf1 Bxg3 44. Be6+ Kh2 45.
Bxg3+ {postalex resigns} 1-0

[Event "ICS rated blitz match"]
[Site "204.178.125.65"]
[Date "2001.08.19"]
[Round "?"]
[White "shally"]
[Black "Hossa"]
[Result "0-1"]
[WhiteElo "2244"]
[BlackElo "2478"]
[PlyCount "96"]
[EventDate "2001.??.??"]

1. b3 Nc6 2. Bb2 d6 3. e3 e5 4. Bb5 a6 5. Bxc6+ bxc6 6. d4 exd4 7. Qxd4 c5 8.
Qd2 Qg5 9. g3 Bb7 10. f3 O-O-O 11. Nc3 Re8 12. Kf2 Nf6 13. Rd1 Ng4+ 14. fxg4
Qf6+ 15. Ke1 Bxh1 16. Ba1 Qg5 17. Kf2 Qxg4 18. Qd3 Qh5 19. h4 Bb7 20. Nce2 Qg4
21. Nf4 Rg8 22. b4 cxb4 23. Qc4 Qxd1 24. Bd4 g5 25. hxg5 Kb8 26. Nge2 Re7 27.
Bf6 Rd7 28. Nd4 c5 29. Nde2 Qh1 30. c3 bxc3 31. Qxc3 h6 32. Qb3 hxg5 33. Nd3
Qf3+ 34. Ke1 Qxf6 35. Nc3 Qf3 36. Nd1 Qxg3+ 37. N3f2 Bg7 38. Kd2 Qh2 39. Ke2 d5
40. Qa4 Kc8 41. Qa5 Rc7 42. Qb6 g4 43. Qd6 Qxd6 44. Nxg4 Qg6 45. Ngf2 Qc2+ 46.
Ke1 Qxa2 47. Nd3 Bc3+ 48. Kf1 Qg2# {shally checkmated} 0-1

[Event "ICS rated blitz match"]
[Site "204.178.125.65"]
[Date "2001.08.19"]
[Round "?"]
[White "Hossa"]
[Black "warmduscher"]
[Result "1-0"]
[WhiteElo "2485"]
[BlackElo "2026"]
[PlyCount "27"]
[EventDate "2001.??.??"]

1. d4 e6 2. c4 d5 3. cxd5 exd5 4. Nc3 c5 5. dxc5 Nf6 6. b4 a5 7. Bf4 axb4 8.
Nb5 Bxc5 9. Nc7+ Kf8 10. Nxa8 Na6 11. e3 d4 12. exd4 Bxd4 13. Ne2 Bxa1 14.
Qxd8+ {warmduscher resigns} 1-0

[Event "ICS rated blitz match"]
[Site "204.178.125.65"]
[Date "2001.08.19"]
[Round "?"]
[White "warmduscher"]
[Black "Hossa"]
[Result "0-1"]
[WhiteElo "2024"]
[BlackElo "2487"]
[PlyCount "24"]
[EventDate "2001.??.??"]

1. d4 Nf6 2. c4 e6 3. Nf3 b6 4. g3 Ba6 5. Qb3 Nc6 6. Bd2 Bb7 7. d5 exd5 8. cxd5
Ne5 9. Nxe5 Bxd5 10. Qe3 Bc5 11. Qg5 h6 12. Qxg7 Rh7 {warmduscher resigns} 0-1

[Event "ICS rated blitz match"]
[Site "204.178.125.65"]
[Date "2001.08.19"]
[Round "?"]
[White "Hossa"]
[Black "warmduscher"]
[Result "1-0"]
[WhiteElo "2489"]
[BlackElo "2022"]
[PlyCount "37"]
[EventDate "2001.??.??"]

1. e4 e6 2. d4 d5 3. Nd2 Nf6 4. e5 Ng8 5. Bd3 b6 6. Ngf3 Qd7 7. O-O Ba6 8. Bxa6
Nxa6 9. Qe2 Nb8 10. Nb3 c5 11. c4 dxc4 12. Qxc4 b5 13. Qe2 c4 14. Nc5 Bxc5 15.
dxc5 Ne7 16. Ng5 Nd5 17. Qh5 Nc6 18. Re1 h6 19. Ne4 {warmduscher resigns} 1-0